000 00554nam a2200205Ia 4500
005 20260429112130.0
008 260429s9999||||xx |||||||||||||| ||und||
020 _a9788196986773
041 _aEnglish
082 _a647.94
_bEZE
100 _aEze, Samira
245 0 _aOperations and management of accommodations /
_cSamira Eze
250 _a1st ed.
260 _aNew Delhi :
_bAsia Publishers and Distributors,
_c2024.
300 _axi, 304 p.; hb
650 _a Accommodations
650 _a Operations
650 _aManagement
942 _cTB
999 _c52513
_d52513